000 00318nam a22001457a 4500
008 221011b ||||| |||| 00| 0 eng d
020 _a9780130320957
041 _aeng
080 _a721
082 _a721
100 _a20.2
101 _aNDER
245 _aCOMPUTER AIDED ELECTRONIC
_cHOSSAIN A
942 _2udc
_cBK
999 _c58492
_d58492